000 00421nam a2200181Ia 4500
001 10099
005 20260306161806.0
008 260306t2008||||xx |||||||||||||| ||spa||
041 _aESP
082 _aRU 891.73
_bD93 H
100 _aDostoievski, Fedor M.
_eAUT
245 0 _aLos hermanos karamazov
260 _c2008
300 _a594 páginas :
_c
650 _aGEN
654 _aCHU
942 _cLIB
_dJUS
_fJUS
_2ddc
_n
999 _c10099
_d10099